Method for double bass

保存先:
書誌詳細
第一著者: Bottesini, Giovanni (著者)
フォーマット: 楽譜 図書
言語:英語
ドイツ語
出版事項: Yorke 1982
主題:
タグ: タグ追加
タグなし, このレコードへの初めてのタグを付けませんか!

MARC

LEADER 00000ccm a2200000 a 4500
001 UCF0203
003 CL-VaPUC
005 20220511103845.0
008 120503e19820000UK |||||||||||||||||eng|d
999 |c 347675  |d 347673 
020 |a 680160250264 (v.1) 
020 |a 680160250271 (v.2) 
040 |c Pontificia Universidad Católica de Valparaíso 
041 0 7 |a eng  |2 CL-VaPUC 
041 0 7 |a ger  |2 CL-VaPUC 
082 0 4 |a Cb787.5193 BOT 1982  |2 21 
100 0 |a Bottesini, Giovanni  |e author  |9 562081 
245 1 0 |a Method for double bass 
260 |b Yorke  |c 1982 
300 |a v 
583 |a last modification  |c 20120503 13:03:00  |k Rodrigo Vera 
650 0 |a Contrabajo, estudio e instrucción  |9 324165 
650 0 |a Música para contrabajo  |9 324168 
650 0 |a Compositores italianos  |9 329309 
942 |c BK  |2 ddc 
945 |d 20120503 00:00:00  |a dcastane 
952 |0 0  |1 0  |4 0  |6 CB_787_519300000000000_BOT_1982  |7 0  |8 X  |9 449157  |a BIBEDU  |b BIBEDU  |d 2019-11-22  |h v.1  |i 4859510  |l 1  |o Cb787.5193 BOT 1982  |p 4859510  |r 2023-11-22  |s 2023-03-29  |w 2019-11-22  |y PA  |k MUS 
952 |0 0  |1 0  |4 0  |6 CB_787_519300000000000_BOT_1982  |7 0  |8 X  |9 449158  |a BIBEDU  |b BIBEDU  |d 2019-11-22  |h v.2  |i 4859529  |l 3  |o Cb787.5193 BOT 1982  |p 4859529  |r 2023-11-22  |s 2023-03-29  |w 2019-11-22  |y PA  |k MUS